Tribhuvan University Central Library

Virbhadra Thapa, pratham pustaka rastriya vir yoddha tatha kushal kutanitijna (Record no. 45883)

MARC details
000 -LEADER
fixed length control field 006270000a22002650004500
082 ## - DEWEY DECIMAL CLASSIFICATION NUMBER
Classification number N355.0092
Item number T569v
-- NC
041 ## - LANGUAGE CODE
Language code of text/sound track or separate title Nep
015 ## - NATIONAL BIBLIOGRAPHY NUMBER
National bibliography number NNB
100 ## - MAIN ENTRY--PERSONAL NAME
Personal name Thapa, Rajeshwar
245 ## - TITLE STATEMENT
Title Virbhadra Thapa, pratham pustaka rastriya vir yoddha tatha kushal kutanitijna
260 ## - PUBLICATION, DISTRIBUTION, ETC. (IMPRINT)
Place of publication, distribution, etc Kathmandu
Name of publisher, distributor, etc Devi Bahadur Thapa, Nepal
260 ## - PUBLICATION, DISTRIBUTION, ETC. (IMPRINT)
Date of publication, distribution, etc 2059 B.S.
300 ## - PHYSICAL DESCRIPTION
Extent 53p.
365 ## - TRADE PRICE
Price type code Rs.100.00
538 ## - SYSTEM DETAILS NOTE
System details note N
518 ## - DATE/TIME AND PLACE OF AN EVENT NOTE
Date/time and place of an event note 2065-4-26
530 ## - ADDITIONAL PHYSICAL FORM AVAILABLE NOTE
Additional physical form available note M
500 ## - GENERAL NOTE
General note Bibliography: p. 49-53
650 ## - SUBJECT ADDED ENTRY--TOPICAL TERM
Topical term or geographic name as entry element Biographies
650 ## - SUBJECT ADDED ENTRY--TOPICAL TERM
Topical term or geographic name as entry element Army
650 ## - SUBJECT ADDED ENTRY--TOPICAL TERM
Topical term or geographic name as entry element History
651 ## - SUBJECT ADDED ENTRY--GEOGRAPHIC NAME
Geographic name Nepal
650 ## - SUBJECT ADDED ENTRY--TOPICAL TERM
Topical term or geographic name as entry element Thapaharu
942 ## - ADDED ENTRY ELEMENTS (KOHA)
Koha item type General Collections
Holdings
Withdrawn status Lost status Damaged status Not for loan Home library Current library Date acquired Total Checkouts Barcode Date last seen Price effective from
        Tribhuvan University Central Library Tribhuvan University Central Library 06/20/2010   G68131N 06/20/2010 06/20/2010
        Tribhuvan University Central Library Tribhuvan University Central Library 06/20/2010   G68132N 06/20/2010 06/20/2010
        Tribhuvan University Central Library Tribhuvan University Central Library 06/20/2010   G68133NC 06/20/2010 06/20/2010